000
00284nam a22001337a 4500
008
210310b ||||| |||| 00| 0 eng d
041
_a
eng
080
_a
159.9
082
_a
159.9
100
_a
48
101
_a
PSI
245
_a
The Meaning of Dreams
_c
Hall.C.S
942
_2
udc
_c
BK
999
_c
56228
_d
56228